[Event "GER-ch Net Amateur Gr-B Final"]
[Site "Playchess.com INT"]
[Date "2020.04.18"]
[Round "1"]
[White "Bigalke, Moritz"]
[Black "Riesner, Daniel"]
[Result "0-1"]
[WhiteElo "1740"]
[BlackElo "2161"]
[PlyCount "88"]
[EventDate "2020.04.18"]
[EventType "swiss (blitz)"]
[EventRounds "13"]
[EventCountry "GER"]
[SourceTitle "CBM 195 Extra"]
[Source "ChessBase"]
[SourceDate "2020.05.31"]
[SourceVersion "1"]
[SourceVersionDate "2020.05.31"]
[SourceQuality "1"]

1. e4 e5 2. Nf3 Nc6 3. Bb5 Nf6 4. c3 Nxe4 5. Qe2 Nd6 6. Nxe5 Be7 7. Nxc6 dxc6 8. Ba4 0-0 9. 0-0 Re8 10. Qh5 Bf5 11. d4 Qd7 12. Bg5 Bg6 13. Qh4 Bxg5 14. Qxg5 Qf5 15. Qxf5 Bxf5 16. Bd1 Bd3 17. Bf3 Bxf1 18. Kxf1 Ne4 19. a4 a5 20. b4 f5 21. Ra2 g6 22. g3 Kf7 23. Kg2 Re7 24. Be2 b6 25. Bc4+ Kf6 26. f3 Nd6 27. Bd3 axb4 28. cxb4 b5 29. a5 Re3 30. Bf1 Rb3 31. Rc2 Rxb1 32. Rxc6 Ra7 33. Bxb5 Rxb4 34. Bd3 Rxd4 35. Be2 Rd2 36. Kf2 Rxa5 37. Ke3 Raa2 38. Bd3 Rd1 39. Rxc7 Ra3 40. Rxh7 Raxd3+ 41. Ke2 R1d2+ 42. Ke1 Rg2 43. f4 Rb3 44. Kf1 Rc2 0-1

[Event "GER-ch Net Amateur Gr-B Vor3"]
[Site "Playchess.com INT"]
[Date "2020.04.16"]
[Round "8"]
[White "Klugstedt, Vincent C"]
[Black "Bigalke, Moritz"]
[Result "0-1"]
[WhiteElo "1685"]
[BlackElo "1651"]
[PlyCount "52"]
[EventDate "2020.04.16"]
[EventType "swiss (blitz)"]
[EventRounds "9"]
[EventCountry "GER"]
[SourceTitle "CBM 195 Extra"]
[Source "ChessBase"]
[SourceDate "2020.05.31"]
[SourceVersion "1"]
[SourceVersionDate "2020.05.31"]
[SourceQuality "1"]

1. d4 c5 2. d5 e5 3. e4 d6 4. Nf3 Nd7 5. Be3 Ngf6 6. Nbd2 Be7 7. Bd3 0-0 8. 0-0 a6 9. a4 Ne8 10. Nc4 Ndf6 11. h3 Bd7 12. a5 Nc7 13. Nfd2 Nb5 14. f4 exf4 15. Bxf4 Nd4 16. Nf3 Nxf3+ 17. Qxf3 Ne8 18. Qg3 Qc7 19. e5 dxe5 20. Bxe5 Qd8 21. Nb6 Ra7 22. Bb8 Bh4 23. Qh2 Qg5 24. Bxa7 Bg3 25. Qh1 Qe3+ 26. Rf2 Qxf2# 0-1

[Event "GER-ch Net Amateur Gr-B Vor2"]
[Site "Playchess.com INT"]
[Date "2020.04.15"]
[Round "5"]
[White "Brunner, Alexander1111"]
[Black "Bigalke, Moritz"]
[Result "0-1"]
[WhiteElo "1537"]
[BlackElo "1603"]
[PlyCount "20"]
[EventDate "2020.04.15"]
[EventType "swiss (blitz)"]
[EventRounds "9"]
[EventCountry "GER"]
[SourceTitle "CBM 196 Extra"]
[Source "ChessBase"]
[SourceDate "2020.07.31"]
[SourceVersion "1"]
[SourceVersionDate "2020.07.31"]
[SourceQuality "1"]

1. d4 c5 2. Nc3 cxd4 3. Qxd4 Nc6 4. Qd1 e5 5. e4 Nf6 6. Nf3 Bb4 7. Bg5 Qa5 8. Qd2 Nxe4 9. Qe3 Nxc3 10. bxc3 Bxc3+ 0-1

[Event "GER-ch Net Amateur Gr-B Vor1"]
[Site "Playchess.com INT"]
[Date "2020.04.14"]
[Round "4"]
[White "Bigalke, Moritz"]
[Black "Mader, Lena"]
[Result "0-1"]
[WhiteElo "1618"]
[BlackElo "1671"]
[PlyCount "54"]
[EventDate "2020.04.14"]
[EventType "swiss (blitz)"]
[EventRounds "9"]
[EventCountry "GER"]
[SourceTitle "EXT 2021"]
[Source "ChessBase"]
[SourceDate "2020.10.23"]
[SourceVersion "1"]
[SourceVersionDate "2020.10.23"]
[SourceQuality "1"]

1. e4 c6 2. Nc3 d5 3. h3 dxe4 4. Nxe4 Nf6 5. Ng3 e5 6. Bc4 Bd6 7. Nf3 0-0 8. 0-0 b5 9. Bb3 c5 10. c3 c4 11. Bc2 Bb7 12. d3 cxd3 13. Bxd3 e4 14. Bxb5 exf3 15. Nf5 Bc7 16. Qc2 Be4 17. Qb3 Bxf5 18. Rd1 Qe7 19. Bg5 fxg2 20. Re1 Qd6 21. f4 Bxh3 22. Rac1 Qb6+ 23. Kh2 Be6 24. Qa4 a6 25. Bd3 Ng4+ 26. Kxg2 Qf2+ 27. Kh3 Qh2# 0-1

[Event "GER-ch Net Amateur Gr-B Vor1"]
[Site "Playchess.com INT"]
[Date "2020.04.14"]
[Round "8"]
[White "Bigalke, Moritz"]
[Black "Sommer, Justus"]
[Result "1-0"]
[WhiteElo "1654"]
[BlackElo "1620"]
[PlyCount "99"]
[EventDate "2020.04.14"]
[EventType "swiss (blitz)"]
[EventRounds "9"]
[EventCountry "GER"]
[SourceTitle "EXT 2021"]
[Source "ChessBase"]
[SourceDate "2020.10.23"]
[SourceVersion "1"]
[SourceVersionDate "2020.10.23"]
[SourceQuality "1"]

1. e4 e5 2. Nf3 Nc6 3. Bb5 a6 4. Ba4 Nf6 5. c3 Be7 6. 0-0 0-0 7. Re1 b5 8. Bc2 d6 9. h3 Bb7 10. a3 Re8 11. d4 Nd7 12. d5 Na5 13. Nbd2 c5 14. b4 Nc4 15. Nxc4 bxc4 16. Be3 cxb4 17. cxb4 Rc8 18. Ba4 Rf8 19. Rc1 Nb6 20. Bc2 c3 21. Bd3 Bf6 22. Qe2 Na4 23. Bxa6 Qb6 24. Bxb6 Bxa6 25. Qxa6 Ra8 26. Qb5 Rfb8 27. Qc6 Nxb6 28. Rxc3 Rc8 29. Qxb6 Rxc3 30. Qxd6 Rcxa3 31. Nxe5 Rd8 32. Qc7 Raa8 33. Qxf7+ Kh8 34. Ng4 Rf8 35. Qb7 Rab8 36. Qc6 Rbc8 37. Qb5 Rb8 38. Qc4 Rbc8 39. Qb3 Rc3 40. Qa4 Bd4 41. d6 Rcc8 42. e5 Ra8 43. Qb3 Rab8 44. e6 Bc5 45. e7 Rg8 46. e8Q Rgxe8 47. Rxe8+ Rxe8 48. bxc5 Re1+ 49. Kh2 Rg1 50. Qb8# 1-0